000 00624cam a22002293a 4500
001 5181
003 PGUSA
005 20140828083114.0
008 040201s2004||||xxu|||||s|||||000 p eng d
040 _aPGUSA
_beng
042 _adc
050 4 _aPR
100 1 _aCrabbe, George,
_d1754-1832
245 1 0 _aInebriety and The Candidate
_h[electronic resource] /
_cGeorge Crabbe
260 _bProject Gutenberg,
_c2004
506 _aPublic domain in the USA.
516 _aElectronic text
653 _aEnglish poetry
830 0 _aProject Gutenberg
_v5181
856 4 0 _uhttp://www.gutenberg.org/ebooks/5181
942 _cEB
999 _c234510
_d234510